[Event "SC Leipzig-Gohlis-SV Muldental Wilkau-Ha"]
[Site "Bingen"]
[Date "2008.12.28"]
[Round "3.1"]
[White "Schulz, Anja"]
[Black "Doberitz, Paul"]
[Result "1/2-1/2"]
[WhiteElo "1992"]
[BlackElo "2073"]
[PlyCount "43"]
[EventDate "2008.??.??"]

1. e4 c5 2. Nf3 d6 3. d4 cxd4 4. Nxd4 Nf6 5. Nc3 g6 6. Be3 Bg7 7. f3 O-O 8. Bc4
Nc6 9. Qd2 Bd7 10. O-O-O Rc8 11. Bb3 Ne5 12. Kb1 Nc4 13. Bxc4 Rxc4 14. h4 h5
15. Nd5 e6 16. Nxf6+ Qxf6 17. c3 d5 18. Bg5 Qe5 19. Bf4 Qf6 20. Bg5 Qe5 21. Bf4
Qf6 22. Bg5 1/2-1/2

[Event "SC Leipzig-Gohlis-SV Muldental Wilkau-Ha"]
[Site "Bingen"]
[Date "2008.12.28"]
[Round "3.2"]
[White "Meissner, Felix"]
[Black "Voelz, Michael"]
[Result "1/2-1/2"]
[WhiteElo "2077"]
[BlackElo "1814"]
[PlyCount "100"]
[EventDate "2008.??.??"]

1. e4 e5 2. Nf3 Nc6 3. d4 exd4 4. Bc4 Nf6 5. O-O d6 6. Nxd4 Be7 7. Nxc6 bxc6 8.
e5 Nd7 9. e6 fxe6 10. Bxe6 Nf6 11. Bxc8 Rxc8 12. Qf3 d5 13. Nc3 O-O 14. Qh3 Bd6
15. Bg5 Qd7 16. Qxd7 Nxd7 17. Rae1 Rce8 18. Bd2 Nf6 19. Rxe8 Rxe8 20. Re1 Rxe1+
21. Bxe1 Kf7 22. f3 Ke6 23. Bf2 a6 24. Na4 Nd7 25. b3 c5 26. Nb2 Ne5 27. Kf1 g5
28. h3 h5 29. Ke2 g4 30. fxg4 hxg4 31. hxg4 Nxg4 32. Nd3 Nxf2 33. Kxf2 Kf5 34.
Kf3 c6 35. c4 d4 36. Nf2 Be7 37. g4+ Ke5 38. Nd3+ Kf6 39. Ke4 Bd6 40. b4 cxb4
41. c5 Be7 42. Nxb4 Bxc5 43. Nxc6 Kg5 44. Nxd4 Kxg4 45. Nb3 Bb4 46. Kd5 Kf5 47.
Kc6 Ke6 48. Kb6 a5 49. a4 Kd7 50. Kb7 Kd6 1/2-1/2

[Event "SC Leipzig-Gohlis-SV Muldental Wilkau-Ha"]
[Site "Bingen"]
[Date "2008.12.28"]
[Round "3.3"]
[White "Schuffenhauer, Robert"]
[Black "Pantusenko, Valeria"]
[Result "1/2-1/2"]
[WhiteElo "1633"]
[BlackElo "1642"]
[PlyCount "45"]
[EventDate "2008.??.??"]

1. d4 d5 2. c4 e6 3. Nc3 Nf6 4. Nf3 Nbd7 5. Bg5 Be7 6. e3 O-O 7. Qc2 c6 8. Bd3
Re8 9. O-O Nf8 10. Ne5 Ng6 11. f4 Nd7 12. Bxe7 Qxe7 13. Rf3 Nf6 14. c5 Bd7 15.
b4 b5 16. Rff1 a5 17. a3 Ra7 18. Ra2 Rea8 19. Rfa1 Nh5 20. Qe2 Nf6 21. h3 Be8
22. Qd2 Nxe5 23. fxe5 1/2-1/2

[Event "SC Leipzig-Gohlis-SV Muldental Wilkau-Ha"]
[Site "Bingen"]
[Date "2008.12.28"]
[Round "3.4"]
[White "Ohme, Markus"]
[Black "Schlemmer, Martin"]
[Result "0-1"]
[WhiteElo "1366"]
[BlackElo "1436"]
[PlyCount "94"]
[EventDate "2008.??.??"]

1. e4 e5 2. Nf3 Nc6 3. Bc4 Bc5 4. c3 Nf6 5. d3 d6 6. b4 Bb6 7. a4 a5 8. b5 Ne7
9. Bg5 Ng6 10. O-O h6 11. Be3 Ba7 12. h3 O-O 13. Nbd2 Bxe3 14. fxe3 d5 15. exd5
Nxd5 16. Bxd5 Qxd5 17. d4 e4 18. c4 Qe6 19. Nh2 f5 20. Qc2 Bd7 21. c5 Rae8 22.
Qc4 Qxc4 23. Nxc4 f4 24. Rae1 Be6 25. Nxa5 Bd5 26. c6 bxc6 27. Nxc6 Bxc6 28.
bxc6 Ra8 29. exf4 Nxf4 30. Rxe4 Nd5 31. Ra1 Nc3 32. Re7 Ra7 33. a5 Rd8 34. Nf3
Rd6 35. Rc1 Nb5 36. Rc4 Rxa5 37. Rc5 Ra1+ 38. Kh2 Nxd4 39. Nxd4 Rxd4 40. Rxc7
Rd8 41. Rd7 Raa8 42. Kg3 Rac8 43. Rb7 Kh7 44. Kf4 Kg6 45. Ke5 Re8+ 46. Kd6 Kf6
47. Kd7 Red8# 0-1

[Event "SC Postbauer-Heng-Schachfreunde Paderbor"]
[Site "Bingen"]
[Date "2008.12.28"]
[Round "3.1"]
[White "Neukoetter, Max"]
[Black "Kordts, Florian"]
[Result "1-0"]
[WhiteElo "1980"]
[BlackElo "1812"]
[PlyCount "113"]
[EventDate "2008.??.??"]

1. e4 c5 2. Nc3 Nc6 3. g3 g6 4. Bg2 Bg7 5. d3 d6 6. Be3 Rb8 7. Qd2 b5 8. h4 h5
9. f4 Nd4 10. Nd1 Nh6 11. c3 Ne6 12. Bh3 b4 13. Ne2 bxc3 14. bxc3 Nc7 15. Bxc8
Qxc8 16. Nf2 Ng4 17. Nxg4 Qxg4 18. Kf2 O-O 19. Rab1 a6 20. Rb2 Qd7 21. Rhb1 Rb5
22. d4 c4 23. d5 Rfb8 24. Bd4 Rxb2 25. Rxb2 Rxb2 26. Qxb2 Nb5 27. Bxg7 Kxg7 28.
a4 Qa7+ 29. Kf3 Nc7 30. Nd4 Qc5 31. Qb4 Qxb4 32. cxb4 Kf8 33. Ke3 f5 34. b5
axb5 35. axb5 fxe4 36. Kxe4 Ke8 37. b6 Na6 38. Ne6 c3 39. Ke3 Kf7 40. Nd4 Nc5
41. Nb5 c2 42. Kd2 e6 43. Nxd6+ Ke7 44. b7 Na6 45. Nc8+ Kd7 46. dxe6+ Kxe6 47.
Kxc2 Kf5 48. Ne7+ Kf6 49. Nc6 Kf5 50. Kd2 Kg4 51. Ne5+ Kxg3 52. Nxg6 Kg4 53.
Ke3 Kf5 54. Ne7+ Kg4 55. f5 Kxh4 56. f6 Kg3 57. f7 1-0

[Event "SC Postbauer-Heng-Schachfreunde Paderbor"]
[Site "Bingen"]
[Date "2008.12.28"]
[Round "3.2"]
[White "Grimm, Pascal"]
[Black "Hoette, Philipp"]
[Result "1-0"]
[WhiteElo "1878"]
[BlackElo "1725"]
[PlyCount "81"]
[EventDate "2008.??.??"]

1. c4 c5 2. Nf3 Nc6 3. g3 g6 4. Bg2 Bg7 5. O-O e5 6. Nc3 Nge7 7. Rb1 d6 8. a3
Be6 9. d3 d5 10. Ng5 Qd7 11. Nxe6 fxe6 12. Bg5 O-O 13. Bh3 Qd6 14. Nb5 Qd7 15.
cxd5 Nxd5 16. Nc3 Nxc3 17. bxc3 b6 18. Qb3 Rae8 19. Bg2 Na5 20. Qc2 c4 21. Rbd1
Qc7 22. Qa4 Rc8 23. Bh3 Rfe8 24. dxc4 Qxc4 25. Qd7 h6 26. Be3 Qc6 27. Qxa7 Rb8
28. Bg2 e4 29. Rd7 Nb7 30. Rfd1 Bxc3 31. Qxb6 Na5 32. Qxc6 Nxc6 33. Rc7 Rbc8
34. Rxc8 Rxc8 35. Rc1 Ne7 36. Bxh6 Rc4 37. Bd2 Nd5 38. Bxc3 Nxc3 39. Rc2 Rc5
40. Kf1 Rb5 41. Bh3 1-0

[Event "SC Postbauer-Heng-Schachfreunde Paderbor"]
[Site "Bingen"]
[Date "2008.12.28"]
[Round "3.3"]
[White "Neukoetter, Moritz"]
[Black "Riexinger, Martin"]
[Result "0-1"]
[WhiteElo "1685"]
[BlackElo "1792"]
[PlyCount "96"]
[EventDate "2008.??.??"]

1. e4 d6 2. Nc3 Nf6 3. g3 g6 4. Bg2 Bg7 5. d3 O-O 6. Be3 c5 7. h3 Nc6 8. Qd2
Qa5 9. Bh6 Rb8 10. h4 Nd4 11. Bxg7 Kxg7 12. Nge2 Nc6 13. f3 h5 14. Kf2 b5 15.
a3 Qb6 16. Rag1 b4 17. Nd5 Nxd5 18. exd5 Ne5 19. Bh3 Qb7 20. Nf4 Bxh3 21. Rxh3
Qd7 22. Rhh1 {(=)} 22... Rb6 23. a4 b3 24. c3 Qxa4 25. g4 Qxf4 26. Qxf4 Nxd3+
27. Ke3 Nxf4 28. Kxf4 Rh8 29. Ra1 Rb7 30. Ra6 f6 31. Rha1 hxg4 32. Kxg4 Kf7 33.
Rxa7 Rxa7 34. Rxa7 Rh5 35. c4 Re5 36. Rb7 Re3 37. Kf4 Rd3 38. Kg3 Rd4 39. Rxb3
Rxc4 40. Rd3 Rc1 41. b3 {(=)} 41... e6 42. dxe6+ Kxe6 43. Kf4 c4 44. Re3+ Kd5
45. bxc4+ Rxc4+ 46. Kg3 f5 47. Rd3+ Kc6 48. Re3 f4+ 0-1

[Event "SC Postbauer-Heng-Schachfreunde Paderbor"]
[Site "Bingen"]
[Date "2008.12.28"]
[Round "3.4"]
[White "Riexinger, Andreas"]
[Black "Bartholdus, Daniela"]
[Result "1-0"]
[WhiteElo "1725"]
[BlackElo "1298"]
[PlyCount "107"]
[EventDate "2008.??.??"]

1. d4 Nf6 2. c4 g6 3. Nc3 Bg7 4. e4 d6 5. Nf3 O-O 6. Bg5 h6 7. Bf4 Bg4 8. Be2
Nbd7 9. Qd2 Kh7 10. h3 Bxf3 11. Bxf3 Ne8 12. Be3 c6 13. h4 Nc7 14. Be2 a6 15.
f4 e6 16. h5 Rh8 17. Bd3 Nf8 18. hxg6+ fxg6 19. f5 exf5 20. Bxh6 Kg8 21. O-O-O
Bxd4 22. exf5 gxf5 23. Bxf5 Qf6 24. Bxf8 Rxf8 25. Rxh8+ Qxh8 26. Qxd4 Qxd4 27.
Rxd4 Rxf5 28. Rxd6 Kg7 29. Ne4 Ne8 30. Rd7+ Rf7 31. Rxf7+ Kxf7 32. c5 Ke6 33.
Kd2 Ke5 34. Ke3 Ng7 35. Nd6 Nf5+ 36. Nxf5 Kxf5 37. g4+ Kxg4 38. Ke4 a5 39. b3
Kg5 40. Ke5 Kg4 41. Kd6 Kf5 42. Kc7 Ke6 43. Kxb7 Kd7 44. a4 Kd8 45. Kxc6 Kc8
46. Kd6 Kd8 47. c6 Kc8 48. c7 Kb7 49. Kd7 Kb6 50. c8=Q Ka7 51. Qc5+ Kb8 52.
Qb5+ Ka7 53. Kc7 Ka8 54. Qb7# 1-0

[Event "SF Brackel 1930-Segeberger Schachfreunde"]
[Site "Bingen"]
[Date "2008.12.28"]
[Round "3.1"]
[White "Marx, Joschka"]
[Black "Zelbel, Patrick"]
[Result "0-1"]
[WhiteElo "1942"]
[BlackElo "2283"]
[PlyCount "134"]
[EventDate "2008.??.??"]

1. f4 c5 2. Nf3 Nc6 3. b3 Nf6 4. Bb2 d5 5. e3 e6 6. Bb5 Bd7 7. O-O Qc7 8. d3
Bd6 9. Nbd2 a6 10. Bxc6 Bxc6 11. Ne5 O-O-O 12. Ndf3 h6 13. Nxc6 Qxc6 14. Be5
Ne8 15. Rc1 f6 16. Bxd6 Qxd6 17. Qe2 g5 18. c4 d4 19. e4 Qxf4 20. a3 Qc7 21. b4
Rh7 22. Rb1 Re7 23. e5 f5 24. Rb3 cxb4 25. Rxb4 Qc5 26. Rfb1 Rc7 27. Rb6 g4 28.
Nh4 Ng7 29. Ng6 Rdd7 30. Nf4 Rc6 31. R6b4 b6 32. a4 Rb7 33. Ng6 Ne8 34. Qb2 Rg7
35. Nh4 Kc7 36. a5 Qxa5 37. Qxd4 Rd7 38. Qe3 Qc5 39. Kf2 Qxe3+ 40. Kxe3 a5 41.
Ra4 Rg7 42. g3 42... Kd8 {(=)} 43. Ng2 Rgc7 44. Nf4 Ke7 45. Ne2 Rc5 46. d4 Rxc4
47. Rxc4 Rxc4 48. Rxb6 Nc7 49. Rb7 Kd8 50. Kd3 Rb4 51. Ra7 a4 52. Nc3 {(=)}
52... Rb3 53. Rxa4 Nd5 54. Rc4 Kd7 55. Kc2 Rxc3+ 56. Rxc3 Nxc3 57. Kxc3 Kc7 58.
Kd3 Kb6 59. Kc3 Kb5 60. Kd3 Kb6 61. Kc3 Kc6 62. Kd2 Kd5 63. Kd3 h5 64. Ke3 Kc4
65. Kf4 Kxd4 66. Kg5 Kxe5 67. Kxh5 Kf6 0-1

[Event "SF Brackel 1930-Segeberger Schachfreunde"]
[Site "Bingen"]
[Date "2008.12.28"]
[Round "3.2"]
[White "Kartsev, Alexandr"]
[Black "Schwarzat, Julian"]
[Result "0-1"]
[WhiteElo "2033"]
[BlackElo "1951"]
[PlyCount "72"]
[EventDate "2008.??.??"]

1. e4 e6 2. d4 d5 3. Nd2 dxe4 4. Nxe4 Nd7 5. Nf3 Ngf6 6. Bd3 Be7 7. O-O b6 8.
Bg5 Bb7 9. Nxf6+ Bxf6 10. Bf4 O-O 11. c3 c5 12. Bd6 Be7 13. Bg3 cxd4 14. Nxd4
Nc5 15. Bc2 Bf6 16. Re1 Qd5 17. f3 Qg5 18. b4 Bxd4+ 19. Qxd4 Rfd8 20. Qc4 Rd2
21. Re5 Qf6 22. bxc5 Bd5 23. Qa4 b5 24. Bxh7+ Kxh7 25. Rh5+ Kg8 26. Qg4 Re2 27.
Bf2 Re8 28. f4 Qxc3 29. Rd1 Qc2 30. Rf1 Qb2 31. Qh4 g6 32. Rh6 Qg7 33. Qg5 Rxa2
34. Rh3 b4 35. Rg3 b3 36. Rd1 b2 0-1

[Event "SF Brackel 1930-Segeberger Schachfreunde"]
[Site "Bingen"]
[Date "2008.12.28"]
[Round "3.3"]
[White "Huhnstock, Rico"]
[Black "Strathoff, Jens"]
[Result "0-1"]
[WhiteElo "1876"]
[BlackElo "1993"]
[PlyCount "60"]
[EventDate "2008.??.??"]

1. e4 e5 2. Nf3 Nc6 3. Bc4 Nf6 4. Ng5 d5 5. exd5 Na5 6. Bb5+ c6 7. dxc6 bxc6 8.
Be2 h6 9. Nf3 e4 10. Ne5 Bc5 11. c3 Bd6 12. d4 exd3 13. Nxd3 Qc7 14. h3 O-O 15.
O-O Bf5 16. b3 Rad8 17. Qc2 Rfe8 18. Rd1 Nb7 19. Qb2 Qe7 20. Kf1 Bb8 21. Be3
Nd5 22. Bc1 Nf4 23. Bxf4 Bxf4 24. Na3 Bc7 25. Nc4 Qf6 26. Ne1 Nd6 27. Nxd6 Bxd6
28. Bd3 Be5 29. Rac1 Bf4 30. Rb1 Rxe1+ 0-1

[Event "SF Brackel 1930-Segeberger Schachfreunde"]
[Site "Bingen"]
[Date "2008.12.28"]
[Round "3.4"]
[White "Haidar, Marcel"]
[Black "Neitzel, Mirko"]
[Result "1-0"]
[WhiteElo "1759"]
[BlackElo "1706"]
[PlyCount "57"]
[EventDate "2008.??.??"]

1. e4 c5 2. c3 d5 3. exd5 Qxd5 4. d4 Nc6 5. Nf3 Bg4 6. Be2 e6 7. Be3 cxd4 8.
cxd4 Nf6 9. Nc3 Qd8 10. O-O Be7 11. h3 Bh5 12. Rc1 O-O 13. g4 Bg6 14. Ne5 Rc8
15. Nxc6 Rxc6 16. Bf3 Rc8 17. Qe2 Qd7 18. d5 Nxd5 19. Nxd5 exd5 20. Bxa7 Bg5
21. Rxc8 Rxc8 22. Qe5 Bf6 23. Qxd5 Qxd5 24. Bxd5 Bxb2 25. Re1 Kf8 26. Bxb7 Rd8
27. Bb6 Bc3 28. Bxd8 Bxe1 29. a4 1-0

[Event "SG Aufbau Elbe Magdeburg-SK Landau"]
[Site "Bingen"]
[Date "2008.12.28"]
[Round "3.2"]
[White "Rafayevych, Vilen"]
[Black "Karpa, Adrian"]
[Result "0-1"]
[WhiteElo "1992"]
[BlackElo "1627"]
[PlyCount "120"]
[EventDate "2008.??.??"]

1. d4 Nf6 2. c4 g6 3. Nc3 Bg7 4. e4 O-O 5. f3 d6 6. Be3 e5 7. d5 Nh5 8. Nge2 f5
9. exf5 gxf5 10. f4 Re8 11. fxe5 Bxe5 12. Bf2 Qf6 13. Qc2 Bd4 14. Bxd4 Qxd4 15.
Nb5 Qh4+ 16. Kd1 Qe7 17. g3 Na6 18. Bg2 Nf6 19. Bf3 Nc5 20. Nbc3 Qe3 21. Rf1
Nd3 22. Nc1 Ne1 23. Qf2 Nxf3 24. Qxf3 Ng4 25. N1e2 Qb6 26. Kc1 Nxh2 27. Qh5
Qe3+ 28. Kc2 Nxf1 29. Rxf1 Bd7 30. Rh1 Qe7 31. Nf4 Qg7 32. Qh4 Rf8 33. Nh5 Qh6
34. Ne2 Rae8 35. Nef4 Re4 36. Kd3 b5 37. b3 bxc4+ 38. bxc4 Kf7 39. Qh2 Rfe8 40.
Qf2 c6 41. Qxa7 R8e7 42. Qf2 c5 43. Rh4 Rd4+ 44. Kc3 Ree4 45. a3 Rxc4+ 46. Kb2
Ba4 47. Rh1 Rc2+ 48. Qxc2 Bxc2 49. Kxc2 Qg5 50. Rb1 Qg4 51. Rb7+ Re7 52. Rb6
Re2+ 53. Kb1 Re1+ 54. Ka2 Qd1 55. Rb7+ Re7 56. Rb2 Ra7 57. g4 c4 58. gxf5 c3
59. Rg2 Qd2+ 60. Kb3 Rb7+ 0-1

[Event "SG Aufbau Elbe Magdeburg-SK Landau"]
[Site "Bingen"]
[Date "2008.12.28"]
[Round "3.3"]
[White "Louis, Malte"]
[Black "Schiffner, Alexander"]
[Result "0-1"]
[WhiteElo "1549"]
[BlackElo "1689"]
[PlyCount "110"]
[EventDate "2008.??.??"]

1. e4 c5 2. c3 e6 3. d4 cxd4 4. cxd4 Nf6 5. Nc3 Nc6 6. e5 Ng8 7. f4 Bb4 8. h3
Ba5 9. Nf3 a6 10. b4 Bb6 11. Ne4 Bc7 12. d5 exd5 13. Qxd5 Nge7 14. Nd6+ Bxd6
15. Qxd6 O-O 16. Bd3 Qb6 17. h4 f6 18. h5 h6 19. g4 fxe5 20. Nxe5 Qd4 21. Qxd4
Nxd4 22. Be3 Ndc6 23. Nxc6 dxc6 24. f5 Nd5 25. Bc4 Re8 26. Kf2 Re4 27. Bxd5+
cxd5 28. Rad1 Bd7 29. Rd4 Rae8 30. Rxe4 Rxe4 31. Rd1 Bc6 32. Rd4 Re8 33. Kf3
Kf7 34. Kf4 Kf6 35. a4 b5 36. axb5 axb5 37. Bf2 Re2 38. Bh4+ Kf7 39. g5 hxg5+
40. Kxg5 Rg2+ 41. Kf4 Rh2 42. Ke5 Bb7 43. Kd6 Rc2 44. Bg5 Ba8 45. h6 gxh6 46.
Bxh6 Rc6+ 47. Kxd5 Rxh6+ 48. Kc5 Bc6 49. Rf4 Kf6 50. Rf1 Be8 51. Re1 Kf7 52.
Rxe8 Kxe8 53. Kxb5 Rf6 54. Ka5 Kd7 55. b5 Kc7 0-1

[Event "SG Bochum 31-Kieler SG Meerbauer"]
[Site "Bingen"]
[Date "2008.12.28"]
[Round "3.1"]
[White "Hoeger, Bastian"]
[Black "Hohmann, Louisa"]
[Result "0-1"]
[WhiteElo "1763"]
[BlackElo "1739"]
[PlyCount "60"]
[EventDate "2008.??.??"]

1. e4 c5 2. Nc3 d6 3. g3 Nc6 4. Bg2 g6 5. d3 Bg7 6. Be3 Nf6 7. h3 Qb6 8. Qc1
Be6 9. Nge2 O-O-O 10. O-O Bd7 11. a3 Nd4 12. Rb1 h5 13. b4 e5 14. bxc5 Qxc5 15.
Qb2 b6 16. Bxd4 exd4 17. Nd5 Nxd5 18. exd5 Rde8 19. Nc1 h4 20. Nb3 Qc7 21. g4
f5 22. f3 Re2 23. Rf2 Rhe8 24. Rbf1 Bh6 25. Rxe2 Rxe2 26. Nxd4 Bg7 27. Rf2 Qc5
28. c3 Rxb2 29. Rxb2 Bxd4+ 30. cxd4 Qc1+ 0-1

[Event "SG Bochum 31-Kieler SG Meerbauer"]
[Site "Bingen"]
[Date "2008.12.28"]
[Round "3.2"]
[White "Butschek, Marc"]
[Black "Hoeger, Phillipp"]
[Result "0-1"]
[WhiteElo "1775"]
[BlackElo "1743"]
[PlyCount "142"]
[EventDate "2008.??.??"]

1. e4 c5 2. c3 Nf6 3. e5 Nd5 4. d4 cxd4 5. cxd4 e6 6. Nc3 Nxc3 7. bxc3 Qc7 8.
Bd2 Nc6 9. Nf3 d6 10. exd6 Bxd6 11. g3 O-O 12. Bg2 e5 13. d5 Ne7 14. Qb3 Bf5
15. c4 Nc8 16. Rc1 Re8 17. O-O Nb6 18. Be3 Nd7 19. Nh4 Bg4 20. h3 Bh5 21. Nf5
b6 22. Qb5 Rac8 23. Qc6 Bf8 24. Qxc7 Rxc7 25. d6 Rcc8 26. Bb7 Rcd8 27. g4 Bg6
28. Rfd1 h5 29. Bc6 Re6 30. Bg5 Nf6 31. Bd5 Bxf5 32. gxf5 Rexd6 33. Re1 Re8 34.
Rcd1 Nxd5 35. Rxd5 Rc6 36. f4 f6 37. Bh4 Rxc4 38. Bg3 Bc5+ 39. Kf1 h4 40. Bh2
e4 41. Rd7 e3 42. Re2 a5 43. Kg2 b5 44. Kf3 a4 45. Rc7 Rd8 46. Rg2 Bf8 47. Rb7
b4 48. Bg1 Rc3 49. Ra7 Re8 50. Re2 b3 51. Bxe3 Rexe3+ 52. Rxe3 Rxe3+ 53. Kxe3
Bc5+ 54. Kd3 Bxa7 55. axb3 a3 56. Kc2 Bc5 57. Kc3 Bb4+ 58. Kc2 Kf8 59. Kb1 Ke7
60. Kc2 Kd6 61. Kb1 Kd5 62. Ka1 Ke4 63. Kb1 Kxf5 64. Ka2 Kxf4 65. Kb1 Kg3 66.
Kc2 Kxh3 67. Kb1 g5 68. Ka1 g4 69. Ka2 g3 70. Kb1 g2 71. Ka2 f5 0-1

[Event "SG Bochum 31-Kieler SG Meerbauer"]
[Site "Bingen"]
[Date "2008.12.28"]
[Round "3.3"]
[White "Gogol, Max"]
[Black "Orhan, Eda"]
[Result "1/2-1/2"]
[WhiteElo "1643"]
[BlackElo "1603"]
[PlyCount "80"]
[EventDate "2008.??.??"]

1. Nf3 d5 2. g3 Nf6 3. Bg2 e6 4. d3 Be7 5. O-O O-O 6. Nbd2 c5 7. e4 Nc6 8. Re1
Qc7 9. Ng5 h6 10. Nh3 e5 11. exd5 Bxh3 12. Bxh3 Nxd5 13. Bg2 Qd7 14. Nc4 Bf6
15. Be3 Nxe3 16. Nxe3 Rad8 17. Ng4 Qd6 18. Nxf6+ Qxf6 19. Bxc6 bxc6 20. Qe2
Rfe8 21. b3 Qd6 22. Qe4 Qd5 23. Re2 Qxe4 24. Rxe4 f5 25. Rc4 Rd5 26. Ra4 Re7
27. Re1 Rd4 28. Ra5 Rd5 29. c4 Rd6 30. Rxc5 Rde6 31. f3 Kf7 32. Kf2 Kf6 33. Re3
Rd6 34. b4 g5 35. Re2 Re8 36. d4 Rxd4 37. Rxc6+ Re6 38. Rxe6+ Kxe6 39. Rc2 Kd6
40. b5 Kc5 1/2-1/2

[Event "SG Bochum 31-Kieler SG Meerbauer"]
[Site "Bingen"]
[Date "2008.12.28"]
[Round "3.4"]
[White "Budszuhn, Timo"]
[Black "Dittmann, Jan"]
[Result "0-1"]
[WhiteElo "1470"]
[BlackElo "1717"]
[PlyCount "106"]
[EventDate "2008.??.??"]

1. e4 c5 2. Nf3 e6 3. d4 cxd4 4. Nxd4 a6 5. Bc4 Qc7 6. Bb3 Nf6 7. Qd3 Be7 8. h3
d6 9. Be3 O-O 10. O-O Nbd7 11. Nf3 b6 12. Nc3 Bb7 13. Rfe1 Rac8 14. Rad1 Rfd8
15. Qe2 Nxe4 16. Nxe4 Bxe4 17. Bxb6 Qxb6 18. Qxe4 Nc5 19. Qe2 Nxb3 20. axb3 Bf6
21. Ra1 a5 22. Ra2 Rc6 23. Rea1 Rdc8 24. Ne1 Rc5 25. Qd1 Rf5 26. Nd3 Bd4 27.
Qd2 Rcc5 28. b4 Rcd5 29. Rf1 h6 30. c4 Bxf2+ 31. Rxf2 Rxd3 32. Qxd3 Qxf2+ 33.
Kh2 Qf4+ 34. Kg1 axb4 35. Ra8+ Kh7 36. Ra1 Qf2+ 37. Kh2 Qxb2 38. Rf1 Qe5+ 39.
Kh1 g6 40. Rxf5 gxf5 41. Qb3 Qe1+ 42. Kh2 Qc3 43. Qd1 Qxc4 44. Qxd6 b3 45. Qe7
Kg7 46. Qd6 Qc3 47. h4 b2 48. Qb6 Qe5+ 49. Kh3 Qc3+ 50. Kh2 f4 51. h5 Qg3+ 52.
Kh1 Qe1+ 53. Kh2 b1=Q 0-1

[Event "SK Graefelfing-Schachklub Nordhorn-Blanke"]
[Site "Bingen"]
[Date "2008.12.28"]
[Round "3.1"]
[White "Schulz, Jens"]
[Black "Luessmann, Thomas"]
[Result "1/2-1/2"]
[WhiteElo "2019"]
[BlackElo "1765"]
[PlyCount "71"]
[EventDate "2008.??.??"]

1. e4 e5 2. Nf3 Nf6 3. Nc3 Nc6 4. Bb5 Bb4 5. d3 Nd4 6. Ba4 Nxf3+ 7. Qxf3 c6 8.
Bd2 Qa5 9. Bb3 d6 10. O-O Qd8 11. Rae1 Be6 12. Bxe6 fxe6 13. Qh3 Qd7 14. f4
exf4 15. Bxf4 e5 16. Qxd7+ Kxd7 17. Bg5 Raf8 18. a3 Ba5 19. b4 Bb6+ 20. Be3
Bxe3+ 21. Rxe3 Rf7 22. h3 Rhf8 23. Ne2 Nh5 24. Rxf7+ Rxf7 25. g3 Nf6 26. g4 Ne8
27. Kg2 Nc7 28. Rf3 Ke7 29. Rxf7+ Kxf7 30. h4 g5 31. h5 Nb5 32. a4 Nd4 33. Nxd4
exd4 34. Kf3 Ke6 35. Ke2 Ke5 36. Kf3 1/2-1/2

[Event "SK Graefelfing-Schachklub Nordhorn-Blanke"]
[Site "Bingen"]
[Date "2008.12.28"]
[Round "3.2"]
[White "Decher, Paul"]
[Black "Bor, Tobias"]
[Result "0-1"]
[WhiteElo "1693"]
[BlackElo "1790"]
[PlyCount "62"]
[EventDate "2008.??.??"]

1. e4 e5 2. Nf3 Nc6 3. Bc4 Bc5 4. c3 Nf6 5. d4 exd4 6. cxd4 Bb4+ 7. Nc3 Nxe4 8.
O-O Bxc3 9. bxc3 d5 10. Re1 O-O 11. Bd3 f5 12. Qb3 b6 13. a4 Na5 14. Qc2 c5 15.
Ba3 Re8 16. Ne5 Qc7 17. f3 Nd6 18. Qd2 Nb3 19. Qa2 Nxa1 20. Qxa1 Be6 21. Qb1
Rad8 22. Rc1 Rb8 23. Qb2 Bd7 24. Bc2 cxd4 25. cxd4 Nc4 26. Bb3 b5 27. Qa2 Rec8
28. Bc5 a6 29. Re1 Re8 30. Re2 Nxe5 31. dxe5 Qxc5+ 0-1

[Event "SK Graefelfing-Schachklub Nordhorn-Blanke"]
[Site "Bingen"]
[Date "2008.12.28"]
[Round "3.3"]
[White "Hurink, Maarten"]
[Black "Bollmann, Laslo"]
[Result "1/2-1/2"]
[WhiteElo "1790"]
[BlackElo "1626"]
[PlyCount "118"]
[EventDate "2008.??.??"]

1. Nf3 Nf6 2. d4 g6 3. Bg5 Bg7 4. Nbd2 d5 5. e3 O-O 6. c4 c6 7. Bd3 Nbd7 8. O-O
h6 9. Bh4 Re8 10. Qc2 g5 11. Bg3 Nh5 12. cxd5 Nxg3 13. dxc6 Ne5 14. cxb7 Bxb7
15. hxg3 Nxd3 16. Qxd3 e5 17. Qb3 Rb8 18. Qa3 exd4 19. exd4 Bxd4 20. Nxd4 Qxd4
21. Nf3 Bxf3 22. gxf3 Rxb2 23. Rad1 Qb6 24. Rd6 Qb8 25. Rxh6 Kg7 26. Ra6 Ree2
27. Kg2 Qd8 28. Qc3+ f6 29. Rxa7+ Kh6 30. Qc4 Rxf2+ 31. Rxf2 Rxf2+ 32. Kxf2
Qb6+ 33. Ke2 Qxa7 34. a4 Qe7+ 35. Qe4 Qd6 36. f4 g4 37. f5 Kh5 38. Qh1+ Kg5 39.
Qh4+ Kxf5 40. Qh5+ Ke4 41. Qxg4+ Kd5 42. Qf4 Qe6+ 43. Kd3 Qa6+ 44. Kc3 Qa5+ 45.
Kb3 Qb6+ 46. Qb4 Qe3+ 47. Qc3 Qb6+ 48. Ka3 Qd6+ 49. Ka2 Ke4 50. a5 Kf5 51. Kb3
Kg6 52. Ka4 Qd7+ 53. Kb4 Qd6+ 54. Kb5 Qd5+ 55. Kb6 Qd6+ 56. Kb7 Qd5+ 57. Kb6
Qd6+ 58. Qc6 Qd4+ 59. Kc7 Qa7+ 1/2-1/2

[Event "SK Graefelfing-Schachklub Nordhorn-Blanke"]
[Site "Bingen"]
[Date "2008.12.28"]
[Round "3.4"]
[White "Bothe, Thomas"]
[Black "Baisakow, Christine"]
[Result "0-1"]
[WhiteElo "1306"]
[BlackElo "1406"]
[PlyCount "102"]
[EventDate "2008.??.??"]

1. e4 c5 2. Nf3 d6 3. d4 cxd4 4. Nxd4 Nf6 5. Nc3 a6 6. Be2 b5 7. a3 e5 8. Nf3
Nbd7 9. Be3 Bb7 10. Bd3 Nb6 11. Qe2 Rc8 12. Nd2 Qc7 13. f3 Nc4 14. Bxc4 bxc4
15. O-O Be7 16. Rfd1 a5 17. Qf2 d5 18. exd5 Nxd5 19. Nxd5 Bxd5 20. Nb1 Be6 21.
Nc3 O-O 22. Kf1 Rb8 23. Rab1 Rb7 24. Nd5 Bxd5 25. Rxd5 Bxa3 26. Ra1 Bxb2 27.
Raxa5 Qc6 28. Rdc5 Qe6 29. Bd2 Bd4 30. Qg3 Bxc5 31. Rxc5 Rb1+ 32. Ke2 e4 33. f4
Qd6 34. Rg5 g6 35. h4 Rd8 36. Qc3 Qd4 37. Qxd4 Rxd4 38. Bc3 Rd8 39. h5 Rc1 40.
Bf6 Rxc2+ 41. Ke3 Rd6 42. Bd4 f5 43. hxg6 hxg6 44. g4 Rg2 45. gxf5 Rxg5 46.
fxg5 gxf5 47. Bf6 c3 48. Ke2 c2 49. Bb2 Kf7 50. Ke3 Kg6 51. Kf4 Rd1 0-1

[Event "SV Jedesheim-SC Reti Heusweiler"]
[Site "Bingen"]
[Date "2008.12.28"]
[Round "3.1"]
[White "Sonnhalter, Stella"]
[Black "von Schwerin, Clemens"]
[Result "1-0"]
[WhiteElo "1623"]
[BlackElo "1774"]
[PlyCount "101"]
[EventDate "2008.??.??"]

1. e4 Nf6 2. e5 Nd5 3. c4 Nb6 4. d4 d6 5. exd6 cxd6 6. Nc3 g6 7. Be3 Bg7 8. Rc1
O-O 9. b3 Nc6 10. g3 Bf5 11. Bg2 Nb4 12. g4 Bc8 13. h3 f5 14. a3 f4 15. axb4
fxe3 16. fxe3 e5 17. Nf3 exd4 18. exd4 Re8+ 19. Ne2 a5 20. bxa5 Rxa5 21. O-O
Qe7 22. Nc3 h5 23. g5 Qe3+ 24. Kh1 Qf4 25. Qd2 Qxd2 26. Nxd2 Bxd4 27. Nb5 Re2
28. Nxd4 Rxd2 29. Nf3 Rb2 30. Rb1 Rba2 31. Rfd1 Bf5 32. Rbc1 d5 33. c5 Nd7 34.
Rxd5 Rb2 35. Rd2 Rxc5 36. Rxc5 Rb1+ 37. Kh2 Nxc5 38. Nd4 Nxb3 39. Nxb3 Rxb3 40.
Bd5+ Kf8 41. Bxb3 Ke7 42. Bd5 b6 43. Rb2 Kd6 44. Bf7 Kc5 45. Rf2 Bd3 46. Rf6 b5
47. Bxg6 Bxg6 48. Rxg6 b4 49. Rg8 Kd5 50. Rb8 Kc4 51. Rxb4+ 1-0

[Event "SV Jedesheim-SC Reti Heusweiler"]
[Site "Bingen"]
[Date "2008.12.28"]
[Round "3.2"]
[White "Lerch, Matthias"]
[Black "Meiser, Michael"]
[Result "1-0"]
[WhiteElo "1829"]
[BlackElo "1568"]
[PlyCount "48"]
[EventDate "2008.??.??"]

1. e4 c5 2. Nf3 Nc6 3. d4 cxd4 4. Nxd4 g6 5. c3 Bg7 6. Be3 Nf6 7. Nd2 O-O 8.
Be2 d5 9. Bf3 e5 10. Nxc6 bxc6 11. Bc5 Re8 12. O-O Qa5 13. Nb3 Qd8 14. Re1 a5
15. a4 Rb8 16. Qc2 Bg4 17. Bxg4 Nxg4 18. f3 Nf6 19. Rad1 Qc7 20. Bf2 dxe4 21.
fxe4 Ng4 22. Nc5 Nxf2 23. Qxf2 Red8 24. Na6 Qb6 1-0

[Event "SV Jedesheim-SC Reti Heusweiler"]
[Site "Bingen"]
[Date "2008.12.28"]
[Round "3.4"]
[White "Kraus, Johannes"]
[Black "Wilhelm, Kevin"]
[Result "1/2-1/2"]
[WhiteElo "1475"]
[BlackElo "1303"]
[PlyCount "80"]
[EventDate "2008.??.??"]

1. e4 e6 2. d4 d5 3. e5 c5 4. c3 Nc6 5. Nf3 cxd4 6. cxd4 g6 7. Bb5 Nge7 8. Bg5
Bg7 9. O-O O-O 10. Re1 f6 11. Bh4 Nf5 12. Bxf6 Bxf6 13. exf6 Qxf6 14. Bxc6 bxc6
15. Ne5 Rb8 16. Qd2 Rb6 17. Nc3 Nd6 18. b3 Nf7 19. Na4 Rb7 20. Nxc6 Bd7 21. Ne5
Bxa4 22. bxa4 Rfb8 23. Rac1 Nxe5 24. Rxe5 Rb2 25. Rc2 Rb1+ 26. Re1 Qxd4 27. Qe2
Rxe1+ 28. Qxe1 Qe4 29. Re2 Qd3 30. Qf1 Rb1 31. Re1 Qxf1+ 32. Rxf1 Rb4 33. Re1
Rxa4 34. Re2 Kf7 35. g3 d4 36. f4 Kf6 37. Kf2 Kf5 38. h3 Ra5 39. Kf3 h6 40. g4+
Kf6 1/2-1/2